[Event "Candidates Tournament"]
[Site "London"]
[Date "2013.03.29"]
[Round "12"]
[White "Gelfand, Boris"]
[Black "Svidler, Peter"]
[Result "1/2-1/2"]
[WhiteElo "2740"]
[BlackElo "2747"]
[Annotator "Marin,M"]
[PlyCount "81"]
[EventDate "2013.03.15"]
[EventType "tourn"]
[EventRounds "14"]
[EventCountry "ENG"]
[EventCategory "22"]
[SourceTitle "CBM 154"]
[Source "ChessBase"]
[SourceDate "2013.05.15"]
[SourceVersion "1"]
[SourceVersionDate "2013.05.15"]
[SourceQuality "1"]

1. Nf3 Nf6 2. c4 g6 3. Nc3 d5 4. cxd5 Nxd5 5. Qb3 {One of the modern trends
created by Topalov.} Nb6 6. d4 Be6 {A necessary preparation of the intended ...
Bg4xf3.} (6... Bg4 $2 7. Ng5 $18) 7. Qc2 Bg4 8. Qe4 {White will move for the
third and fourth time with the queen, just to maintain the flexibility of the
structure. Hoewever, the doubled pawns are not necessarily a weakness; they
increase White's control in the centre.} (8. e3 Bxf3 9. gxf3 e6 10. Bd2 c6 11.
h4 h5 12. Ne4 Nd5 13. Nc5 b6 14. Nd3 Bd6 15. f4 a5 16. Ne5 $14 {Hebert,J (2411)
-Barbeau,S (2397)/Montreal 2002/CBM 088 ext (1-0, 41)}) (8. Bf4 Bxf3 9. gxf3
Bg7 10. Rd1 c6 11. Be5 Bf6 12. f4 {Arsovic,Z (2441)-Stojanovic,D (2444)/
Vrnjacka Banja 2005/EXT 2006 (1/2, 29)}) 8... Bxf3 9. Qxf3 ({But} 9. exf3 $6 {
is too much. White gains some time for his development, but gives away the
control over the d5-square.} c6 10. a4 Bg7 11. a5 Nd5 12. Bc4 e6 13. O-O O-O
14. Rd1 Nd7 {Ornstein,A (2430)-Savon,V (2575)/Dortmund 1975/MCL (0-1, 26)})
9... c6 $146 {Solidly played.} (9... Qxd4 10. Qxb7 (10. e3 Qb4 $2 11. Bd2 Bg7
12. Nb5 Qxb2 13. Nxc7+ Kf8 14. Rc1 $18 {Dorfman,J (2602)-Balinov,I (2438)/
Austria 2002/EXT 2003 (1-0, 47)}) 10... Bg7 11. Qe4 $6 {White is heading for
an ending with the bishop pair in too straightforward a fashion..} (11. e3 $5)
11... Qxe4 12. Nxe4 Nc6 13. e3 Nb4 14. Ke2 {L'Ami,E (2592)-Bobras,P (2544)/
Germany 2011/CBM 146 (1-0, 46)} Na4 $5 $15) 10. e3 Bg7 11. Be2 e5 {Tis way of
breaking the centre loses some time, but the natural alternative has some
drawbacks.} (11... N8d7 12. O-O O-O 13. Rd1 e5 14. a4 (14. d5 $5) 14... exd4
15. exd4 a5 16. d5 {Black may be active enough to keep the balance even, but
the bishop pair may become dangerous at any time in an open position.}) 12.
dxe5 Bxe5 (12... N8d7 13. e6 $1) 13. Qe4 Qe7 14. Bd2 N8d7 15. Qc2 {The sixth
queen move already, but now Her Majesty has finally reached the best square.
It should be compared to Topalov's novelty 5.Qc2...} O-O 16. O-O {Black seems
to have no problem, but this kind of position with a kingside majority and a
potentially strong bishop pair offers White better chances in the long run. In
the next phase of the game, Svidler will wisely provoke as much simplification
as possible, increasing his chances for successful defence.} Rfe8 17. Rfd1 a5
$1 {The usefulness of this move is easy to understand if we compare with the
second game Nielsen-Gashimov, FIDE World Cup 2011. A completely different
opening had been played then, but the resulting position was similar; White
managed to play b2-b4 and a2-a4 before Black took preventive measures.} 18. Be1
a4 19. Rab1 Nc5 20. Bf1 {The standard regrouping. Soon, the minority attack
should start, though.} Red8 21. g3 Bg7 22. Rxd8+ Rxd8 23. b4 axb3 24. axb3 Ra8
25. b4 Ncd7 26. Ne4 ({With the c4- and d5-squares safely defended by the black
knights,} 26. b5 c5 {would not achieve too much.}) 26... Ra1 27. Rxa1 Bxa1 28.
Qa2 Be5 29. Bg2 Nf6 30. Nc5 Bd6 31. Nd3 (31. Bc3 Nfd5 32. Ba1 Be5 $11) 31...
Ne4 $6 {So far, Black has managed to maintain his stability, but after the
last move his position is hanging for just a moment.} (31... Nbd5 $5 32. b5 $6
Nxe3 $1) 32. Qa7 (32. b5 $1 cxb5 (32... c5 33. Qa7 Nd5 34. Nb2 $16) 33. Qa5 Bc7
34. Qxb5 $16) 32... Nd5 33. Qd4 f5 34. Qc4 (34. b5 $1 $14) 34... Qe6 35. f3 (
35. b5 Nc7 $1 36. Qxe6+ Nxe6 37. bxc6 bxc6 {In the absence of quuens, Black
has less problems defending this position.}) 35... Ng5 36. Bd2 Nc7 37. Qxe6+
Ngxe6 $11 {White has missed the favourable moments and Black has reached the
desired safety now. There are no dangerous pawn breaks in view.} 38. f4 Nd5 39.
e4 fxe4 40. Bxe4 Nd4 41. Kf2 1/2-1/2

[Event "Candidates Tournament"]
[Site "London"]
[Date "2013.03.29"]
[Round "12"]
[White "Radjabov, Teimour"]
[Black "Grischuk, Alexander"]
[Result "1/2-1/2"]
[WhiteElo "2793"]
[BlackElo "2764"]
[Annotator "Marin,M"]
[PlyCount "173"]
[EventDate "2013.03.15"]
[EventType "tourn"]
[EventRounds "14"]
[EventCountry "ENG"]
[EventCategory "22"]
[SourceTitle "CBM 154"]
[Source "ChessBase"]
[SourceDate "2013.05.15"]
[SourceVersion "1"]
[SourceVersionDate "2013.05.15"]
[SourceQuality "1"]

1. d4 Nf6 2. c4 e6 3. Nc3 Bb4 4. Qc2 d5 5. cxd5 exd5 6. Bg5 h6 7. Bxf6 Qxf6 8.
a3 Bxc3+ 9. Qxc3 O-O 10. e3 Bf5 11. Nf3 Nd7 12. Be2 Rfc8 13. O-O c5 14. b3 $146
{Aimed at maintaining the tension.} (14. Rac1 c4 {was played in a few games,
the most notable being} 15. a4 a6 16. Nd2 b5 {Arab,A (2374)-Ivanchuk,V (2716)/
Tripoli 2004/CBM 102 (0-1, 83)}) 14... Qb6 15. dxc5 {This does not imply the
weakening ...Qxc3 bxc3 anymore and is fully jusified.} Nxc5 16. b4 Na4 17. Qe5
Nc3 {Black has an active position, but in the long run the blockade on d4
makes White's play simpler from a practical point of view. This explains why
Black eventually had to defend a theoretically drawn ending with two pawns
less.} 18. Rfe1 Bg4 19. Bd3 Bxf3 20. gxf3 Qe6 21. Qd4 Rc6 22. b5 Rc7 23. Kh1
Re8 24. Rg1 Qe5 25. Qxe5 Rxe5 26. Rg4 Kf8 27. a4 Rc5 28. Rd4 g6 29. h3 Re6 30.
Kg2 Kg7 31. Rb4 b6 32. Rd4 f5 33. Kf1 Kf6 34. Ke1 Re7 35. Kd2 Rc8 36. Ra3 Rec7
37. Ra1 g5 38. Rb4 Rd8 39. Rd4 Rdc8 40. Ra3 h5 41. h4 g4 42. Rf4 gxf3 43. Bxf5
Ke5 44. Rxc3 Rxc3 45. Bxc8 Rxc8 46. Kd3 Rc1 47. Rxf3 Rc4 48. Rf7 Rxa4 49. f4+
Ke6 50. Rh7 Ra3+ 51. Kd4 Ra4+ 52. Kd3 Ra3+ 53. Ke2 Ra2+ 54. Kf3 Ra3 55. Rh6+
Ke7 56. Rxh5 d4 57. Re5+ Kf6 58. Re4 dxe3 59. Rxe3 Ra5 60. Re5 a6 61. bxa6 Rxa6
62. Rb5 Ra1 63. Rxb6+ Kf5 64. Rb5+ Kf6 65. Kg4 Rg1+ 66. Kh5 Rh1 67. Ra5 Rh2 68.
Ra8 Rh1 69. Rg8 Kf7 70. Rg4 Kf6 71. Rg8 Kf7 72. Rc8 Kf6 73. Rc5 Rh2 74. Rg5 Rh1
75. Kg4 Rg1+ 76. Kf3 Rf1+ 77. Kg3 Rg1+ 78. Kf2 Rh1 79. h5 Rh4 80. Kg3 Rh1 81.
Ra5 Rg1+ 82. Kf2 Rh1 83. Kg2 Rh4 84. Kf3 Rh1 85. h6 Rxh6 86. Ra6+ Kf5 87. Rxh6
1/2-1/2

[Event "Candidates Tournament"]
[Site "London"]
[Date "2013.03.31"]
[Round "13"]
[White "Grischuk, Alexander"]
[Black "Aronian, Levon"]
[Result "1/2-1/2"]
[WhiteElo "2764"]
[BlackElo "2809"]
[Annotator "Marin,M"]
[PlyCount "75"]
[EventDate "2013.03.15"]
[EventType "tourn"]
[EventRounds "14"]
[EventCountry "ENG"]
[EventCategory "22"]
[SourceTitle "CBM 154"]
[Source "ChessBase"]
[SourceDate "2013.05.15"]
[SourceVersion "1"]
[SourceVersionDate "2013.05.15"]
[SourceQuality "1"]

1. Nf3 d5 2. c4 c6 3. d4 Nf6 4. g3 $5 dxc4 {Picking up the gauntlet.} ({
In principle, the positions with ...Bf5 arising via the Reti move order in
which White plays a later d2-d4 are supposed to be quite OK for Black. The
concrete position arising after} 4... Bf5 {may offer White some additional
possibilities:} 5. Qb3 Qb6 6. c5 Qxb3 ({With some more developing moves
inserted, Black usually answers c4-c5 with ...Qa6, but here} 6... Qa6 $2 {
loses a piece to} 7. e4 $18) 7. axb3 Nbd7 8. Nc3 h6 9. b4 Ne4 10. b5 Nxc3 11.
bxc6 bxc6 12. bxc3 $14) 5. Bg2 Nbd7 (5... b5 {would transpose to some sort of
Catalan gambit line:} 6. a4 Bb7 7. O-O e6 8. Ne5 a6 9. Nc3 $44) 6. Qc2 {
In principle, White would prefer to retrieve the pawn without moving the queen
so early, but this is not simple to achieve.} (6. Na3 Nb6 7. Ne5 g6 (7... Be6
$1 {would transpose to the game since} 8. Nxc6 bxc6 9. Bxc6+ Bd7 10. Bxa8 Qxa8
{looks good for Black.}) 8. e4 (8. Naxc4 Nxc4 9. Nxc4 Be6 10. Qd3 Bg7 11. O-O
O-O 12. Rd1 {offers better chances of stabilising the position than the line
from the main game.}) 8... Be6 9. O-O Bg7 10. Be3 O-O {Stefanova,A (2503)
-Macek,V (2216) Rabac 2003 (1/2, 47). White has some compensation for the pawn,
but Black does not seem to be in danger.}) (6. O-O Nb6 {Possibly premature.} (
6... g6 7. Na3 Nb6 {would transpose above.}) 7. a4 $1 a5 8. Na3 g6 9. Ne5 Be6
10. e4 Bg7 11. Be3 Nfd7 12. Nxd7 Bxd7 13. Rc1 O-O 14. Nxc4 Nxc4 15. Rxc4 Rc8
16. Qd2 $14 {Fominykh,M (2313)-Yefimov,M (2050) Pardubice 2010 (1-0, 51)}) 6...
Nb6 7. Nbd2 g6 {Very wisely played. Black does not stick to his extra pawn and
transposes to a comfortable Grünfeld structure.} (7... Be6 8. Ng5 $44) 8. O-O
Bg7 9. Nxc4 Bf5 10. Qc3 Nxc4 11. Qxc4 O-O 12. Rd1 ({With his development
incomplete, White should not embark on such radical operations as:} 12. b4 Be4
13. a4 Qd5 14. Qc5 Nd7 {[%csl Gc4]}) 12... a5 $11 {Having exchanged one knight,
Black does not suffer from lack of space. besides, White's centre is not easy
to put into motion.} 13. Qb3 {White clears the c4-square for his knight, but
this does not contribute to his development.} ({A possible alternative would be
} 13. Bf4 Qb6 14. Qc1 Rfd8 15. Be5 {followed by the knight's transfer to c4 or
d4 at a later stage. Although Black does not seem to be under pressure yet,
with time White may establish some domination with chances for a kingside
attack.}) 13... Qd6 14. Ne5 Nd7 15. Nc4 Qb4 16. Ne3 Qxb3 17. axb3 Be6 {White
is underdeveloped and has some concrete queenside problems. He needs to make
use of his main trump: the advantage in the centre. This will be enough only
for equality, though.} 18. d5 (18. Rd3 Rfd8 {[%cal Gd7b6]}) 18... cxd5 19. Nxd5
Nc5 20. Ra3 (20. Nxe7+ Kh8 {dooms the b3-pawn.}) 20... Bxd5 21. Rxd5 Rac8 {
Black's superior activity, typical for the Grünfeld, prevents White from
getting any profit from his bishop pair.} 22. Bg5 (22. Be3 b6 23. Bxc5 Rxc5 24.
Rxc5 bxc5 25. Rxa5 e6 $5 26. Rxc5 Rb8 $11) 22... e6 23. Rd6 Bxb2 24. Rxa5 Bc1
$5 {The most accurate move order.} ({In principle, Black should avoid lines in
which White retains some domination even after eliminating all the queenside
pawns:} 24... Nxb3 25. Rb5 Bc1 26. Be7 Rfe8 27. Rd7 Nd2 28. Bxb7 Rc2 {True,
there is no real danger here, but somehow there is some slight discomfort in
Black's position, creating some risk of blundering.}) 25. Bf6 (25. Bxc1 Nxb3
26. Bd2 Nxa5 27. Bxa5 Rc1+ 28. Bf1 Ra8 29. Bd2 Rd1 30. Kg2 h5 (30... Raa1 31.
e3 Rxf1 32. Rd8+ Kg7 33. Bc3+ Kh6 34. Bxa1 Rxa1 35. Rd7 $11) 31. e3 Ra2 32. Bb4
Rxd6 33. Bxd6 Rb2 $13 {[%cal Gb7b5]}) (25. Be7 Rfe8 $11 {[%csl Gd7] This is
the point behind delaying the knight move.}) 25... Nxb3 26. Rb5 Nd2 {Well,
there is not much to analyse in the next phase of the game. The players
extended the spirit of the Sofia rule beyond mere necessity.} 27. Rd3 b6 28. e3
Nc4 29. Bf1 Ba3 30. Rd1 Rfe8 31. Rd7 Bf8 32. Bxc4 Rxc4 33. Rxb6 Bg7 34. Be7
Rcc8 35. Kg2 Rb8 36. Rc6 Rbc8 37. Rb6 Rb8 38. Rc6 1/2-1/2

[Event "Candidates Tournament"]
[Site "London"]
[Date "2013.03.31"]
[Round "13"]
[White "Kramnik, Vladimir"]
[Black "Gelfand, Boris"]
[Result "1/2-1/2"]
[WhiteElo "2810"]
[BlackElo "2740"]
[Annotator "Krasenkow,M"]
[PlyCount "118"]
[EventDate "2013.03.15"]
[EventType "tourn"]
[EventRounds "14"]
[EventCountry "ENG"]
[EventCategory "22"]
[SourceTitle "CBM 154"]
[Source "ChessBase"]
[SourceDate "2013.05.15"]
[SourceVersion "1"]
[SourceVersionDate "2013.05.15"]
[SourceQuality "1"]

1. d4 Nf6 2. c4 g6 3. g3 c6 4. Bg2 d5 5. e3 {No theory, just play!} dxc4 6. Ne2
Bg7 (6... Nbd7 $5 7. Na3 $140 Nb6) 7. O-O O-O 8. Na3 Nbd7 9. Nxc4 Nb6 {The
exchange of knights will be satisfactory for Black but if White avoids it,
Black easily pushes ...e7-e5.} 10. Na5 {White stops the development of Black's
c8-bishop but, on the other hand, his a5-knight will be far away from the main
battlefield.} Qc7 11. b4 e5 $11 12. dxe5 Qxe5 13. Nd4 Ne4 14. Qc2 Re8 15. Ba3
Qe7 (15... h5 $5) 16. Rad1 h5 $1 {The right course. After ...h5-h4xg3 White's
king will be weakened, and he will never be able to push away Black's
e4-knight by means of f2-f3.} 17. Rd3 Nd5 (17... h4 $5 {is quite possible since
} 18. b5 {is harmless due to} Qe5 $1) 18. Rfd1 $6 (18. b5 c5) (18. Rc1 $5 {
M.Golubev}) 18... Bg4 (18... Bxd4 $5 19. Rxd4 Bf5 {[%cal Rd5c3,Rc3b5] with an
excellent position for Black.}) 19. Rc1 {Sad necessity.} (19. f3 {doesn't work
due to} Nec3 $1 20. Re1 ({otherwise White collapses:} 20. fxg4 Nxd1 21. Qxd1
Nxe3) (20. Rxc3 Nxe3 21. Rxe3 Qxe3+ 22. Qf2 Qxa3) 20... Bxd4 21. Rxd4 Nb5 {
with material gains for Black}) 19... Bxd4 (19... h4 $5 {with good counterplay.
}) 20. Rxd4 Ng5 (20... Nec3 $5 {[%cal Rc3e2,Rc3b5]} 21. Bf1 Ne4 22. Bg2 Nec3
$11) 21. Qd3 Nf3+ $6 {An oversight. It was essential for Black to keep his
knights. The position remained unclear after} (21... Bf3 22. e4 (22. b5 $2 Qe6)
22... Bxg2 (22... Bxe4 $143 23. Bxe4 Nxe4 24. Re1 Ndf6 25. f3 c5 $1 26. bxc5
Qc7 27. fxe4 Qxa5 28. Rf1 $36) 23. Kxg2 Nf6 24. f3 Qe6) 22. Bxf3 Bxf3 23. b5 $1
Qe6 24. Nxb7 cxb5 25. Nd6 Qh3 26. Qf1 {White certainly took into consideration
this eventuality when playing 21.Qd3.} Qxf1+ 27. Kxf1 Re6 28. Nxb5 {White has
won a pawn but it is not easy to convert it due to the opposite-coloured
bishops and weakness of the light squares.} Rb8 $6 (28... Rb6 $142 29. Nd6 Ra6)
29. Nd6 {[%csl Re6]} Nf6 30. Rf4 $6 (30. Rdc4 $1 {was probably stronger but
after} Ne4 $1 31. Rc8+ Rxc8 32. Rxc8+ Kg7 $1 33. Bb2+ f6 34. Rc7+ Kg8 35. Nxe4
Bxe4 (35... Rxe4 $143 36. Bxf6) 36. Rxa7 Rc6 {[%cal Yc6c2] it is still unclear
whether White can win.}) 30... Bd5 31. Rc2 Ne4 $2 $138 (31... Rd8 $1 32. Rc8
Rexd6 33. Rxd8+ Rxd8 34. Rxf6 Bxa2 $11) 32. Nxf7 Ra6 33. Bc1 Re8 (33... Nxg3+
$142 34. hxg3 Bxf7) 34. Rc7 Rxa2 35. Nh6+ Kh8 36. Nf7+ (36. g4 $1 hxg4 37. Nxg4
{After the opening of the h-file Black's king will be in trouble.}) 36... Kg8
37. f3 $2 (37. Nh6+ Kh8 38. g4 $1) 37... Bxf7 38. Rfxf7 Rd8 $1 {Both kings are
now cut off along the 7th (2nd) rank, and it turns out that Black's
counterplay is quite timely.} 39. Rg7+ (39. Rfd7 Rxd7 40. Rxd7 Ng5 $132) 39...
Kf8 40. Rgf7+ (40. Ba3+ Rxa3 41. fxe4 Ra2 42. Rcf7+ Ke8 43. Rf2 Rxf2+ 44. Kxf2
Rd2+ 45. Kf3 Rxh2 46. Rxg6 h4 $1 47. g4 h3 48. Rh6 a5 $11 {_|_}) 40... Kg8 41.
Ke1 Nc5 $1 {The most accurate continuation.} (41... Nf2 $6 42. Rg7+ Kf8 43.
Rcf7+ Ke8 44. Rg8+ Kxf7 45. Rxd8 {[%csl Rf2]}) (41... Nc3 42. Rg7+ Kf8 43. Rgd7
Rxd7 44. Rxd7 Rxh2 45. Rxa7 Ne2 $1 46. Ba3+ Kg8 47. Bd6 Ng1 {may be enough for
a draw, too.}) 42. Rg7+ Kf8 43. Rgf7+ (43. Rcf7+ Ke8 44. Rg8+ Kxf7 45. Rxd8
Rxh2 46. Ba3 Nb3 47. Rd3 (47. Rd7+ Ke6 48. Rxa7 Nd2) 47... Na1 48. Kd1 a5 {
with sufficient counterplay.}) 43... Kg8 44. Rg7+ Kf8 45. Rh7 Nd3+ $1 46. Kf1
Kg8 47. Rcg7+ Kf8 48. Rf7+ Kg8 49. Rfg7+ Kf8 50. Rb7 Kg8 51. Rhg7+ Kf8 52. Rgc7
Nxc1 53. Rxc1 Rxh2 54. Kg1 Re2 55. e4 a5 56. Ra7 a4 57. Rb1 a3 58. Rxa3 Rdd2
59. Ra7 Rg2+ 1/2-1/2